| 000 | 00764pab a2200169 454500 | ||
|---|---|---|---|
| 008 | 180718b2005 xxu||||| |||| 00| 0 eng d | ||
| 100 | _aLewis, Colleen | ||
| 245 | _aSurveying research on Parliament and Parliamentary oversight of the public sector | ||
| 260 | _c2005 | ||
| 300 | _ap.62-67. | ||
| 362 | _aMar | ||
| 520 | _aThis presentation begins by offering a brief overview of the existing research into Parliament and Parliamentary Oversight of the Public Sector. It highlights the work of those who are experts in the area and concludes by identifying areas which would benefit from further research. - Reproduced. | ||
| 650 | _aPublic administration | ||
| 700 | _aCoghill, Ken | ||
| 773 | _aAustralian Journal of Public Administration | ||
| 909 | _a65405 | ||
| 999 |
_c65405 _d65405 |
||